<?xml version="1.0" encoding="UTF-8"?>
<record
    xmlns:xsi="http://www.w3.org/2001/XMLSchema-instance"
    xsi:schemaLocation="http://www.loc.gov/MARC21/slim http://www.loc.gov/standards/marcxml/schema/MARC21slim.xsd"
    xmlns="http://www.loc.gov/MARC21/slim">

  <leader>01494nam a2200289 i 4500</leader>
  <controlfield tag="003">DO-SdBNP</controlfield>
  <controlfield tag="005">20260321073645.0</controlfield>
  <controlfield tag="006">a||||gr|||| 00| 0 </controlfield>
  <controlfield tag="007">ta</controlfield>
  <controlfield tag="008">230504e2010    dr ac||gr|||| 00| 0 spa d</controlfield>
  <datafield tag="020" ind1=" " ind2=" ">
    <subfield code="a">9789945873580</subfield>
  </datafield>
  <datafield tag="040" ind1=" " ind2=" ">
    <subfield code="a">DO-SdBNP</subfield>
    <subfield code="b">spa</subfield>
    <subfield code="c">BNPHU</subfield>
    <subfield code="e">rda</subfield>
  </datafield>
  <datafield tag="082" ind1=" " ind2="4">
    <subfield code="2">22</subfield>
    <subfield code="b">B742i</subfield>
  </datafield>
  <datafield tag="100" ind1="1" ind2=" ">
    <subfield code="a"> Bosch, Juan, </subfield>
    <subfield code="d">1909-2001</subfield>
    <subfield code="9">76555</subfield>
  </datafield>
  <datafield tag="245" ind1=" " ind2=" ">
    <subfield code="a">Ideario:</subfield>
    <subfield code="b">100 ideas en los cien a&#xF1;os de su natalicio. /</subfield>
    <subfield code="c">Juan Bosch</subfield>
  </datafield>
  <datafield tag="264" ind1="3" ind2="1">
    <subfield code="a">Santo Domingo :</subfield>
    <subfield code="b">MJ,</subfield>
    <subfield code="c">2010</subfield>
  </datafield>
  <datafield tag="300" ind1=" " ind2=" ">
    <subfield code="a">39 p&#xE1;ginas :</subfield>
    <subfield code="b">ilustraciones, retrato ;</subfield>
    <subfield code="c">20 cm.</subfield>
  </datafield>
  <datafield tag="336" ind1=" " ind2=" ">
    <subfield code="2">rdaconten</subfield>
    <subfield code="a">texto</subfield>
    <subfield code="b">txt</subfield>
  </datafield>
  <datafield tag="337" ind1=" " ind2=" ">
    <subfield code="2">rdamedia</subfield>
    <subfield code="a">sin medici&#xF3;n</subfield>
    <subfield code="b">n</subfield>
  </datafield>
  <datafield tag="338" ind1=" " ind2=" ">
    <subfield code="2">rdacarrier</subfield>
    <subfield code="a">volumen</subfield>
    <subfield code="b">nc</subfield>
  </datafield>
  <datafield tag="504" ind1=" " ind2=" ">
    <subfield code="a">Bibliograf&#xED;a: p&#xE1;gina 39</subfield>
  </datafield>
  <datafield tag="505" ind1=" " ind2=" ">
    <subfield code="a">Juan Bosch: vida de servicio y de esperanza.</subfield>
    <subfield code="t">La historia y el futuro de los pueblos.--</subfield>
    <subfield code="t">La verdad, el valor y la lucha.--</subfield>
    <subfield code="t">La virtud, el deber y los hechos.--</subfield>
    <subfield code="t">La educaci&#xF3;n y la formaci&#xF3;n de la conciencia.--</subfield>
    <subfield code="t">El trabajo, la disciplina y la m&#xED;stica.--</subfield>
    <subfield code="t">El amor como fuerza creadora.--</subfield>
    <subfield code="t">El escritor, la cultura y la humanidad.--</subfield>
    <subfield code="t">La patria y los patriotas.--</subfield>
    <subfield code="t">Democracia y bien com&#xFA;n.--</subfield>
    <subfield code="t">Poder ciudadano.--</subfield>
    <subfield code="t">Tiran&#xED;a y mal gobierno.--</subfield>
    <subfield code="t">L&#xED;deres, h&#xE9;roes y lucha pol&#xED;tica.--</subfield>
    <subfield code="t">El partido pol&#xED;tico.--</subfield>
    <subfield code="t">La revoluci&#xF3;n social.--</subfield>
    <subfield code="t">Fuentes utilizadas.--</subfield>
    <subfield code="t">Rese&#xF1;a biogr&#xE1;fica de Juan Bosch.</subfield>
  </datafield>
  <datafield tag="590" ind1=" " ind2=" ">
    <subfield code="a">Inventariado 2023 / MF</subfield>
  </datafield>
  <datafield tag="710" ind1="2" ind2=" ">
    <subfield code="a">Ministerio de la Juventud (Rep&#xFA;blica Dominicana).</subfield>
    <subfield code="9">83322</subfield>
  </datafield>
  <datafield tag="710" ind1="2" ind2=" ">
    <subfield code="a"> Fundaci&#xF3;n Juan Bosch</subfield>
    <subfield code="9">84953</subfield>
  </datafield>
  <datafield tag="942" ind1=" " ind2=" ">
    <subfield code="2">ddc</subfield>
    <subfield code="c">LF2</subfield>
  </datafield>
  <datafield tag="952" ind1=" " ind2=" ">
    <subfield code="0">0</subfield>
    <subfield code="1">0</subfield>
    <subfield code="2">ddc</subfield>
    <subfield code="5">1</subfield>
    <subfield code="7">0</subfield>
    <subfield code="8">PD</subfield>
    <subfield code="a">BNPHU</subfield>
    <subfield code="b">BNPHU</subfield>
    <subfield code="c">CT</subfield>
    <subfield code="d">2018-12-06</subfield>
    <subfield code="e">Donado por Nieves L. Enuteno R.</subfield>
    <subfield code="l">0</subfield>
    <subfield code="o">B742i</subfield>
    <subfield code="p">2023-1579</subfield>
    <subfield code="r">2023-05-04</subfield>
    <subfield code="w">2023-05-04</subfield>
    <subfield code="y">LF2</subfield>
  </datafield>
  <datafield tag="999" ind1=" " ind2=" ">
    <subfield code="c">53414</subfield>
    <subfield code="d">53414</subfield>
  </datafield>
</record>
